MARC

LEADER 00000nam a2200000Ia 4500
001 8401
008 160829s1988 xx 000 0 cat d
080 |a O-1-22 
100 |a Madueño, Eugeni  |9 32240 
245 |a Grama :  |b  una experiència insòlita de periodisme popular / Eugeni Madueño 
260 |a Barcelona :  |b Diputació de Barcelona :  |b Col·legi de Periodistes de Catalunya ; Santa Coloma de Gramenet :  |b Ajuntament,  |c 1988 
300 |a 80 p. :  |b  il. ;  |c 24 cm 
650 |a Grama (Revista)  |x Història   |9 35160 
650 |a Premsa  |x Santa Coloma de Gramenet  |9 35161 
710 1 |a Santa Coloma de Gramenet (Catalunya).  |b Ajuntament  |9 52755 
710 2 |a Col·legi de Periodistes de Catalunya  |9 52967 
710 1 |a Barcelona (Catalunya : Província).  |b Diputació  |9 52408 
901 |a Arxiu 
942 |n 1 
952 |0 0  |1 0  |4 0  |6 O122  |7 1  |9 46792  |a Arxiu  |b Arxiu  |d 2016-12-01  |l 0  |o O-1-22  |p 8401  |r 2016-12-01 00:00:00  |w 2016-12-01  |y ARXIU 
999 |c 50585  |d 50585